Massive Picture Quiz #4 (Chanteurs Français) - Statistiques

Statistiques générales
  • Ce quiz a été pris 347 fois
  • Le résultat moyen est 56 sur 100
Statistiques - réponses
Par images Réponse % Correct
Jul
97%
Patrick Bruel
95%
Johnny Hallyday
94%
Stromae
94%
Charles Aznavour
91%
Christophe
91%
Julien Doré
91%
Vianney
91%
Florent Pagny
90%
Pascal Obispo
89%
Garou
87%
Christophe Maé
86%
Jean Jacques Goldman
86%
Kendji Girac
86%
Gims
85%
Marc Lavoine
84%
Matt Pokora
83%
Slimane
83%
Keen'V
82%
Serge Gainsbourg
82%
David Guetta
81%
Soprano
81%
Amir
80%
Grand Corps Malade
80%
Yannick Noah
80%
Patrick Fiori
79%
Renaud
79%
Bilal Hassani
78%
Michel Polnareff
78%
Calogero
77%
Bigflo et Oli
76%
Laurent Voulzy
76%
Michel Sardou
75%
Julien Clerc
74%
Jacques Brel
73%
Alain Souchon
71%
Christophe Willem
71%
Claude François
70%
Dave
69%
Nekfeu
69%
Bénabar
67%
Lomepal
67%
Mika
67%
Roméo Elvis
67%
Claudio Capéo
66%
Orelsan
66%
Eddy Mitchell
65%
Georges Brassens
65%
Matthieu Chedid
64%
Dadju
61%
Eddy De Pretto
61%
Fréro Delavega
59%
Emmanuel Moire
58%
Francis Lalanne
57%
Bourvil
56%
Francis Cabrel
56%
Louis Bertignac
55%
Benjamin Biolay
53%
Jean Louis Aubert
53%
Joe Dassin
51%
Hugues Aufray
48%
Enrico Macias
46%
Fernandel
46%
Jacques Dutronc
43%
Jean Ferrat
43%
Dany Brillant
42%
Alain Bashung
39%
Charles Trenet
39%
Maxime Le Forestier
39%
Michel Delpech
39%
Léo ferré
38%
Michel Fugain
37%
Ben L'oncle Soul
35%
Damso
33%
Henri Salvador
33%
Yves Montand
29%
Didier Barbelivien
28%
Alain Chamfort
26%
Louis Chedid
26%
Michel Jonasz
26%
Patrick Juvet
26%
Vincent Niclo
26%
Corneille
24%
Georges Moustaki
24%
Claude Nougaro
23%
Ridsa
23%
Frédéric François
22%
Etienne Daho
20%
Gérald De Palmas
20%
Gilbert Bécaud
20%
Roch Voisine
20%
Axel Bauer
19%
Plastic Bertrand
19%
Salvatore Adamo
17%
Tino Rossi
16%
Maurice Chevalier
15%
Florent Mothe
14%
Serge Reggiani
13%
Sanseverino
6%
Mickey 3d
4%
Aucun quiz correspondant
Distribution des résultats
% des personnes avec chaque résultat
Percentile par nombre de réponses
Votre historique - résultats
Vous n’avez pas pris ce quiz